Statistics for Countries reporting no COVID-19 cases

Click here to take the quiz!

General Stats

  • This quiz has been taken 18 times
    (5 since last reset)
  • The average score is 11 of 12

Answer Stats

Answer% Correct
Kiribati
100%
Marshall Islands
100%
Nauru
100%
Palau
100%
Samoa
100%
Solomon Islands
100%
Tonga
100%
Tuvalu
100%
Vanuatu
100%
Micronesia
67%
Turkmenistan
67%
North Korea
33%

Score Distribution

Percentile by Number Answered

Percent of People with Each Score

Your Score History

You have not taken this quiz since the last reset